Classical mechaincs (Record no. 1715377)

MARC details
000 -LEADER
fixed length control field 00377 a2200157 4500
003 - CONTROL NUMBER IDENTIFIER
control field OSt
005 - DATE AND TIME OF LATEST TRANSACTION
control field 20260313151321.0
008 - FIXED-LENGTH DATA ELEMENTS--GENERAL INFORMATION
fixed length control field 260313b |||||||| |||| 00| 0 eng d
040 ## - CATALOGING SOURCE
Transcribing agency csl
100 ## - MAIN ENTRY--PERSONAL NAME
Personal name Tong, David
9 (RLIN) 1131642
245 ## - TITLE STATEMENT
Title Classical mechaincs
260 ## - PUBLICATION, DISTRIBUTION, ETC.
Name of publisher, distributor, etc. Cambridge university press
Date of publication, distribution, etc. 2025
440 ## - SERIES STATEMENT/ADDED ENTRY--TITLE
Title vol.1
9 (RLIN) 1131660
490 ## - SERIES STATEMENT
Series statement vol.1
942 ## - ADDED ENTRY ELEMENTS (KOHA)
Koha item type Textual
Source of classification or shelving scheme Colon Classification (CC)
Holdings
Withdrawn status Lost status Source of classification or shelving scheme Damaged status Not for loan Home library Current library Date acquired Source of acquisition Cost, normal purchase price Total Checkouts Date last seen Cost, replacement price Price effective from Koha item type
    Colon Classification (CC)     Central Science Library Central Science Library 2026-03-25 103 2617.40   2026-03-25 3271.75 2026-03-25 Audio Visual Collection
Copyright @ Delhi University Library System